La descentralización en el discurso (neo) liberal entre 1940 y 1980 /

En el siguiente artículo se pretende demostrar que el discurso neoliberal no proviene solamente de los pensadores denominados libertarios, sino que además provino de otro grupo de pensadores conocidos como pensadores tradicionalistas. De esta forma, la propuesta neoliberal estaría formada por el tri...

全面介绍

Guardado en:
书目详细资料
主要作者: Borgucci, Emmanuel
格式: Texto
主题:
标签: 添加标签
没有标签, 成为第一个标记此记录!

MARC

LEADER 00000 a a2200000 04500
001 45542
003
040
100 |a Borgucci, Emmanuel  
245 |a La descentralización en el discurso (neo) liberal entre 1940 y 1980 /  |c Emmanuel Borgucci  
500 |a eborgucci@yahoo.com  
520 |a En el siguiente artículo se pretende demostrar que el discurso neoliberal no proviene solamente de los pensadores denominados libertarios, sino que además provino de otro grupo de pensadores conocidos como pensadores tradicionalistas. De esta forma, la propuesta neoliberal estaría formada por el triunvirato constitución-descentralización-economía de mercado.  
590 |a RRH/FEBRERO2014  
650 |a 1.NEOLIBERALISMO  
650 |a 2.ESTADO  
650 |a 3.LEGISLACION  
650 |a 4.LIBRE MERCADO  
650 |a 5.CONSERVADURISMO  
773 |g volumen21, número2 ( , 2012), , páginas 345-371  
999 |c 27036  |d 27036